[Event "Titled Tuesday 2024.12.17 Late"]
[Site "chess.com INT"]
[Date "2024.12.17"]
[Round "3"]
[White "Liang, Awonder"]
[Black "Preotu, Razvan"]
[Result "1-0"]
[WhiteElo "2687"]
[BlackElo "2475"]
[WhiteFideId "-1"]
[WhiteFideId "-1"]
[PlyCount "123"]
[GameId "2129405226717476"]
[EventDate "2024.12.17"]
[EventType "swiss (blitz)"]
[EventRounds "11"]
[EventCountry "NET"]
[SourceTitle "The Week in Chess 1572"]
[Source "Mark Crowther"]
[SourceDate "2024.12.23"]
[SourceVersion "2"]
[SourceVersionDate "2024.12.24"]
[SourceQuality "2"]

1. b3 e5 2. Bb2 Nc6 3. e3 Nf6 4. d3 d5 5. Nd2 Be6 6. h3 Bd6 7. a3 O-O 8. g3 Ne7 9. Bg2 Ng6 10. Ne2 c6 11. O-O Qd7 12. Kh2 h5 13. Nf3 h4 14. Ng5 Nh7 15. Nxe6 Qxe6 16. e4 d4 17. Qd2 Be7 18. Kh1 hxg3 19. fxg3 Bg5 20. Qe1 Qe7 21. a4 a5 22. Bc1 Bxc1 23. Rxc1 b5 24. Qd2 bxa4 25. bxa4 Rfb8 26. h4 Rb4 27. Ra1 c5 28. Ng1 c4 29. h5 Ngf8 30. Nf3 c3 31. Qf2 Ra6 32. Nh4 Rf6 33. Nf5 Qd7 34. g4 Ne6 35. Qg3 Nf4 36. Rxf4 exf4 37. Qxf4 g6 38. e5 Rxf5 39. gxf5 Qxf5 40. Qxf5 gxf5 41. Bd5 Kg7 42. Rg1+ Kh6 43. Bxf7 Rb7 44. Bg6 Re7 45. Re1 Nf8 46. Bxf5 Kxh5 47. Re4 Kg5 48. Bh3 Ng6 49. e6 Nf4 50. Kh2 Nxh3 51. Kxh3 Kf5 52. Kg3 Rxe6 53. Rxe6 Kxe6 54. Kf4 Kd5 55. Kf5 Kc5 56. Ke4 Kb4 57. Kxd4 Kxa4 58. Kxc3 Ka3 59. d4 a4 60. d5 Ka2 61. d6 a3 62. d7 1-0

[Event "Titled Tuesday 2024.12.17 Late"]
[Site "chess.com INT"]
[Date "2024.12.17"]
[Round "4"]
[White "Preotu, Razvan"]
[Black "Kashefi, Amir Hossein"]
[Result "1-0"]
[WhiteElo "2475"]
[BlackElo "2118"]
[WhiteFideId "-1"]
[WhiteFideId "-1"]
[PlyCount "89"]
[GameId "2129405226725971"]
[EventDate "2024.12.17"]
[EventType "swiss (blitz)"]
[EventRounds "11"]
[EventCountry "NET"]
[SourceTitle "The Week in Chess 1572"]
[Source "Mark Crowther"]
[SourceDate "2024.12.23"]
[SourceVersion "2"]
[SourceVersionDate "2024.12.24"]
[SourceQuality "2"]

1. e4 c6 2. Nc3 d5 3. Nf3 dxe4 4. Nxe4 Nd7 5. Bc4 Ngf6 6. Neg5 e6 7. Qe2 Nd5 8. d4 Be7 9. O-O h6 10. Ne4 Qc7 11. Ng3 b5 12. Bxd5 cxd5 13. Re1 O-O 14. Nh5 Nf6 15. Bf4 Qc4 16. Nxf6+ Bxf6 17. Qd2 a5 18. Ne5 Qb4 19. c3 Qe7 20. Nd3 Ba6 21. Nc5 Rfc8 22. a3 Qd8 23. b4 axb4 24. axb4 Qb6 25. Ra5 Bb7 26. Rea1 Bc6 27. Ra6 Rxa6 28. Rxa6 Qd8 29. Qe3 Be8 30. h3 Ra8 31. Nb7 Qc8 32. Nd6 Qd8 33. Rxa8 Qxa8 34. Kh2 Bd7 35. Be5 Qd8 36. Nb7 Qc8 37. Bxf6 gxf6 38. Nc5 Qc7+ 39. g3 Be8 40. Qxh6 f5 41. Qg5+ Kf8 42. h4 Qa7 43. Qf6 Qa1 44. Nxe6+ Kg8 45. Qg7# 1-0

[Event "Titled Tuesday 2024.12.17 Late"]
[Site "chess.com INT"]
[Date "2024.12.17"]
[Round "5"]
[White "Preotu, Razvan"]
[Black "Robson, Ray"]
[Result "1-0"]
[WhiteElo "2475"]
[BlackElo "2700"]
[WhiteFideId "-1"]
[WhiteFideId "-1"]
[PlyCount "79"]
[GameId "2129405226726181"]
[EventDate "2024.12.17"]
[EventType "swiss (blitz)"]
[EventRounds "11"]
[EventCountry "NET"]
[SourceTitle "The Week in Chess 1572"]
[Source "Mark Crowther"]
[SourceDate "2024.12.23"]
[SourceVersion "2"]
[SourceVersionDate "2024.12.24"]
[SourceQuality "2"]

1. e4 c5 2. Nf3 d6 3. d4 cxd4 4. Nxd4 Nf6 5. Nc3 a6 6. Rg1 h5 7. h3 e5 8. Nb3 h4 9. Be3 Be6 10. Qd2 Nbd7 11. O-O-O b5 12. f4 Rc8 13. Kb1 Be7 14. Bd3 Nb6 15. fxe5 dxe5 16. Qf2 Nbd7 17. Nd5 Nh5 18. Nb6 Rc7 19. Nxd7 Rxd7 20. Nc5 Bxc5 21. Bxc5 f6 22. Be2 Ng3 23. Rxd7 Qxd7 24. Rd1 Qc8 25. Bf3 Kf7 26. Rd6 Rd8 27. Qd2 Rd7 28. b4 Qb7 29. Qd3 Kg6 30. Kb2 Rxd6 31. Qxd6 Bg8 32. Qd8 Qf7 33. Kc1 Qxa2 34. Qe8+ Bf7 35. Qh8 Qa1+ 36. Kd2 Qf1 37. Qxh4 Be6 38. Qxg3+ Kf7 39. Bh5+ Kg8 40. Qf3 1-0

[Event "Titled Tuesday 2024.12.17 Late"]
[Site "chess.com INT"]
[Date "2024.12.17"]
[Round "6"]
[White "Zakhartsov, Vl"]
[Black "Preotu, Razvan"]
[Result "1/2-1/2"]
[WhiteElo "2481"]
[BlackElo "2475"]
[WhiteFideId "-1"]
[WhiteFideId "-1"]
[PlyCount "139"]
[GameId "2129405226726438"]
[EventDate "2024.12.17"]
[EventType "swiss (blitz)"]
[EventRounds "11"]
[EventCountry "NET"]
[SourceTitle "The Week in Chess 1572"]
[Source "Mark Crowther"]
[SourceDate "2024.12.23"]
[SourceVersion "2"]
[SourceVersionDate "2024.12.24"]
[SourceQuality "2"]

1. e4 c5 2. c3 Nf6 3. e5 Nd5 4. d4 cxd4 5. cxd4 d6 6. Nf3 Nc6 7. Bc4 Nb6 8. Bb5 dxe5 9. Nxe5 Bd7 10. Nxd7 Qxd7 11. Nc3 e6 12. O-O a6 13. Bxc6 Qxc6 14. Qg4 h5 15. Qg3 h4 16. Qg4 h3 17. gxh3 Nd5 18. Re1 Nxc3 19. bxc3 Qxc3 20. Be3 Qa5 21. Bg5 Be7 22. Bxe7 Kxe7 23. Re5 Qc3 24. Rae1 Rh6 25. R1e3 Qc1+ 26. Kg2 Qc4 27. Qe4 Rd8 28. Rc5 Qxd4 29. Rc7+ Kf8 30. Qxd4 Rxd4 31. Rxb7 Rg6+ 32. Rg3 Rxg3+ 33. hxg3 Ra4 34. Rb2 g5 35. Kf3 Kg7 36. Rc2 Kg6 37. g4 Ra3+ 38. Kg2 a5 39. f3 a4 40. Kg3 f5 41. gxf5+ exf5 42. Rc6+ Kh5 43. Rc2 f4+ 44. Kg2 Kh4 45. Rd2 Rc3 46. Rf2 a3 47. Kh2 Rc1 48. Rg2 Rb1 49. Rg4+ Kh5 50. h4 Rb2+ 51. Kh3 gxh4 52. Rxf4 Kg5 53. Rxh4 Rxa2 54. Ra4 Ra1 55. Kg3 Kf5 56. Ra5+ Ke6 57. Kf4 Kd6 58. Ra8 Kc5 59. Kf5 Kb4 60. f4 Kb3 61. Kf6 Rf1 62. f5 a2 63. Kg6 a1=Q 64. Rxa1 Rxa1 65. f6 Rg1+ 66. Kh7 Kc4 67. f7 Rf1 68. Kg8 Kd5 69. f8=Q Rxf8+ 70. Kxf8 1/2-1/2

[Event "Titled Tuesday 2024.12.17 Late"]
[Site "chess.com INT"]
[Date "2024.12.17"]
[Round "7"]
[White "Preotu, Razvan"]
[Black "Mahdavi, Reza"]
[Result "0-1"]
[WhiteElo "2475"]
[BlackElo "2394"]
[WhiteFideId "-1"]
[WhiteFideId "-1"]
[PlyCount "69"]
[GameId "2129405226726524"]
[EventDate "2024.12.17"]
[EventType "swiss (blitz)"]
[EventRounds "11"]
[EventCountry "NET"]
[SourceTitle "The Week in Chess 1572"]
[Source "Mark Crowther"]
[SourceDate "2024.12.23"]
[SourceVersion "2"]
[SourceVersionDate "2024.12.24"]
[SourceQuality "2"]

1. e4 c5 2. Nf3 e6 3. c3 Nf6 4. e5 Nd5 5. d4 cxd4 6. cxd4 d6 7. Bc4 Be7 8. O-O O-O 9. Qe2 a6 10. Nc3 Nxc3 11. bxc3 b5 12. Bd3 Bb7 13. exd6 Qxd6 14. Ng5 h6 15. Bh7+ Kh8 16. Be4 Bd5 17. a4 Nc6 18. axb5 Bxg5 19. Bxg5 axb5 20. Bh4 b4 21. Bg3 Qd7 22. Bxd5 Qxd5 23. cxb4 Nxb4 24. Rac1 Nc6 25. Rfd1 Rfd8 26. Bc7 Rd7 27. Bb6 Ne7 28. Rc5 Qd6 29. Ba5 Nf5 30. Bc3 Rad8 31. h3 Qb6 32. Qe5 Rd5 33. Rxd5 Rxd5 34. Qe4 Qb3 35. Be1 0-1

[Event "Titled Tuesday 2024.12.17 Late"]
[Site "chess.com INT"]
[Date "2024.12.17"]
[Round "8"]
[White "Mathurin, Nathaniel"]
[Black "Preotu, Razvan"]
[Result "0-1"]
[WhiteElo "2001"]
[BlackElo "2475"]
[WhiteFideId "-1"]
[WhiteFideId "-1"]
[PlyCount "94"]
[GameId "2129405226726729"]
[EventDate "2024.12.17"]
[EventType "swiss (blitz)"]
[EventRounds "11"]
[EventCountry "NET"]
[SourceTitle "The Week in Chess 1572"]
[Source "Mark Crowther"]
[SourceDate "2024.12.23"]
[SourceVersion "2"]
[SourceVersionDate "2024.12.24"]
[SourceQuality "2"]

1. d4 Nf6 2. Nf3 g6 3. Bf4 Bg7 4. e3 d6 5. h3 O-O 6. Nbd2 c5 7. Be2 Nc6 8. Bh2 cxd4 9. exd4 e5 10. dxe5 dxe5 11. Nc4 e4 12. Qxd8 Rxd8 13. Nfd2 Nd4 14. Bd1 Be6 15. Nd6 Bd5 16. c3 Ne6 17. Bb3 Nc5 18. O-O Nxb3 19. axb3 Bf8 20. N6c4 Nh5 21. Ne3 Bc6 22. Rfd1 f5 23. Ndc4 Bh6 24. Na5 Nf4 25. Nxc6 bxc6 26. b4 Nd3 27. Bc7 Rd7 28. Bb6 Rb8 29. Bxa7 Ra8 30. Bd4 Rxa1 31. Rxa1 Nxb2 32. Ra8+ Kf7 33. g4 f4 34. g5 Bxg5 35. Ng4 Nc4 36. Rc8 h5 37. Rxc6 hxg4 38. Rxc4 gxh3 39. Kh2 Bf6 40. Bxf6 Kxf6 41. Rxe4 Kf5 42. Rc4 Kg4 43. b5 Rd2 44. b6 Rxf2+ 45. Kg1 Kg3 46. Rxf4 h2+ 47. Kh1 Rxf4 0-1

[Event "Titled Tuesday 2024.12.17 Late"]
[Site "chess.com INT"]
[Date "2024.12.17"]
[Round "9"]
[White "Preotu, Razvan"]
[Black "Gharibyan, Mamikon"]
[Result "0-1"]
[WhiteElo "2475"]
[BlackElo "2468"]
[WhiteFideId "-1"]
[WhiteFideId "-1"]
[PlyCount "48"]
[GameId "2129405226726857"]
[EventDate "2024.12.17"]
[EventType "swiss (blitz)"]
[EventRounds "11"]
[EventCountry "NET"]
[SourceTitle "The Week in Chess 1572"]
[Source "Mark Crowther"]
[SourceDate "2024.12.23"]
[SourceVersion "2"]
[SourceVersionDate "2024.12.24"]
[SourceQuality "2"]

1. e4 e5 2. Nf3 Nc6 3. Bc4 Nf6 4. d3 Bc5 5. c3 d6 6. O-O a5 7. Re1 h6 8. Nbd2 Ba7 9. Nf1 Ng4 10. Re2 Qf6 11. h3 h5 12. Ng3 h4 13. Nf5 Bxf5 14. Bg5 Nxf2 15. Rxf2 Qg6 16. exf5 Bxf2+ 17. Kxf2 Qxf5 18. Qb3 O-O 19. Qxb7 e4 20. dxe4 Qc5+ 21. Be3 Qxc4 22. Nd2 Qa6 23. Qb3 Ne5 24. Bd4 Rab8 0-1

[Event "Titled Tuesday 2024.12.17 Late"]
[Site "chess.com INT"]
[Date "2024.12.17"]
[Round "10"]
[White "Ambartsumova, Karina"]
[Black "Preotu, Razvan"]
[Result "0-1"]
[WhiteElo "2405"]
[BlackElo "2475"]
[WhiteFideId "-1"]
[WhiteFideId "-1"]
[PlyCount "162"]
[GameId "2129405226727139"]
[EventDate "2024.12.17"]
[EventType "swiss (blitz)"]
[EventRounds "11"]
[EventCountry "NET"]
[SourceTitle "The Week in Chess 1572"]
[Source "Mark Crowther"]
[SourceDate "2024.12.23"]
[SourceVersion "2"]
[SourceVersionDate "2024.12.24"]
[SourceQuality "2"]

1. d4 Nf6 2. c4 g6 3. Nf3 Bg7 4. g3 c6 5. Bg2 d5 6. O-O O-O 7. Qa4 Nfd7 8. cxd5 Nb6 9. Qd1 cxd5 10. Nc3 Nc6 11. Bf4 Bg4 12. Ne5 Nxe5 13. Bxe5 Bh6 14. h3 Be6 15. Nb5 Qd7 16. Nc7 Rac8 17. Nxe6 Qxe6 18. g4 Nc4 19. b3 Nxe5 20. dxe5 Qxe5 21. Qxd5 Qxd5 22. Bxd5 b6 23. Bc4 Rfd8 24. Rad1 Bd2 25. Kg2 e6 26. e3 Kg7 27. Kf3 Kf6 28. Ke2 Bb4 29. a4 Kg5 30. Kf3 Kh4 31. Kg2 h5 32. f3 Bd2 33. e4 Bf4 34. Rfe1 Kg5 35. Rh1 h4 36. Rhe1 Be5 37. Kf1 Kf4 38. Kg2 Bc3 39. Rf1 Bd2 40. Rf2 Be3 41. Rff1 a5 42. Rfe1 Bd2 43. Rf1 Rd4 44. Rf2 Rcd8 45. Re2 Be3 46. Rde1 Rd2 47. Rxd2 Rxd2+ 48. Re2 Rd1 49. e5 Rg1+ 50. Kh2 Rg3 51. Bb5 Rxf3 52. Be8 Kxe5 53. Bc6 Rg3 54. Bg2 f5 55. gxf5 exf5 56. Rc2 g5 57. Rc8 g4 58. Re8+ Kf4 59. Rf8 gxh3 60. Bxh3 Rg5 61. Re8 Bg1+ 62. Kh1 Bc5 63. Kh2 Kf3 64. Re6 f4 65. Rf6 Re5 66. Bg2+ Ke3 67. Kh3 Be7 68. Rf7 Bc5 69. Kxh4 Re8 70. Kh3 Rh8+ 71. Kg4 Rg8+ 72. Kh3 Rg3+ 73. Kh2 Bd6 74. Rf6 f3 75. Rxd6 Rxg2+ 76. Kh1 Rb2 77. Rxb6 Rb1+ 78. Kh2 f2 79. Re6+ Kd4 80. Rd6+ Kc5 81. Rd1 Rxd1 0-1

[Event "Titled Tuesday 2024.12.17 Late"]
[Site "chess.com INT"]
[Date "2024.12.17"]
[Round "11"]
[White "Preotu, Razvan"]
[Black "Potapova, Margarita"]
[Result "1-0"]
[WhiteElo "2475"]
[BlackElo "2199"]
[WhiteFideId "-1"]
[WhiteFideId "-1"]
[PlyCount "109"]
[GameId "2129405226727230"]
[EventDate "2024.12.17"]
[EventType "swiss (blitz)"]
[EventRounds "11"]
[EventCountry "NET"]
[SourceTitle "The Week in Chess 1572"]
[Source "Mark Crowther"]
[SourceDate "2024.12.23"]
[SourceVersion "2"]
[SourceVersionDate "2024.12.24"]
[SourceQuality "2"]

1. e4 c6 2. Nc3 d5 3. Nf3 dxe4 4. Nxe4 Nf6 5. Qe2 Nxe4 6. Qxe4 Qa5 7. b4 Qf5 8. Qe3 Qe6 9. Be2 Qxe3 10. fxe3 Nd7 11. Bb2 Nf6 12. b5 c5 13. Ne5 Nd7 14. Nc4 Nb6 15. a4 Nxc4 16. Bxc4 e6 17. O-O f6 18. d4 Bd6 19. Ba3 b6 20. Rad1 Ke7 21. dxc5 bxc5 22. Rd2 Bb7 23. Rfd1 Rhd8 24. Rxd6 Rxd6 25. Bxc5 Rad8 26. a5 Be4 27. c3 g5 28. b6 axb6 29. axb6 h5 30. Be2 g4 31. Kf2 Bd5 32. c4 Be4 33. Rd4 f5 34. g3 e5 35. Rxd6 Rxd6 36. Bf1 Kd7 37. Bxd6 Kxd6 38. Bg2 Bd3 39. c5+ Kd7 40. c6+ Kc8 41. c7 Ba6 42. Bd5 Bb5 43. Be6+ Bd7 44. b7+ Kxb7 45. Bxd7 Kxc7 46. Bxf5 Kd6 47. Bg6 Ke6 48. Bxh5 Kf5 49. Be8 Kg5 50. Bd7 e4 51. Ke2 Kh5 52. Kd2 Kg5 53. Kc3 Kh5 54. Kd4 Kg5 55. Kxe4 1-0

[Event "US Masters"]
[Site "Charlotte USA"]
[Date "2024.11.28"]
[Round "3.19"]
[White "Preotu, Razvan"]
[Black "Studen, Damir"]
[Result "1-0"]
[WhiteElo "2475"]
[BlackElo "2052"]
[WhiteFideId "-1"]
[WhiteFideId "-1"]
[PlyCount "49"]
[GameId "2129405228068885"]
[EventDate "2024.11.27"]
[EventType "swiss"]
[EventRounds "9"]
[EventCountry "USA"]
[SourceTitle "10Days CBH #1-#780"]
[Source "ChessMix "]
[SourceDate "2024.12.20"]
[SourceVersion "1"]
[SourceVersionDate "2024.12.20"]
[SourceQuality "1"]

1. e4 d5 2. exd5 Qxd5 3. Nc3 Qa5 4. d4 c6 5. Bc4 Nf6 6. Nf3 Bf5 7. Ne5 e6 8. g4 Be4 9. O-O Bd5 10. Bd3 Nfd7 11. f4 Qb6 12. Be3 Qc7 13. Qe2 Bd6 14. g5 g6 15. Rae1 Bb4 16. Nxf7 Kxf7 17. f5 exf5 18. Bxf5 Rf8 19. Nxd5 cxd5 20. Bf4 Qb6 21. Be6+ Ke8 22. Bf7+ Kxf7 23. Bd6+ Kg8 24. Qe6+ Kg7 25. Qe7+ 1-0

[Event "Olympiad"]
[Site "Budapest HUN"]
[Date "2024.09.11"]
[Round "1.3"]
[White "Preotu, Razvan"]
[Black "Brookfield, Toby"]
[Result "1-0"]
[WhiteElo "2451"]
[BlackElo "1872"]
[WhiteFideId "-1"]
[WhiteFideId "-1"]
[PlyCount "101"]
[GameId "2130307536802415"]
[EventDate "2024.09.11"]
[EventType "team"]
[EventRounds "11"]
[EventCountry "HUN"]
[SourceTitle "10 Days #772"]
[Source "ChessMix "]
[SourceDate "2024.10.01"]
[SourceVersion "1"]
[SourceVersionDate "2024.10.01"]
[SourceQuality "1"]
[WhiteTeam "Canada"]
[BlackTeam "Guernsey"]
[WhiteTeamCountry "CAN"]

1. e4 c5 2. Nf3 d6 3. d4 cxd4 4. Nxd4 Nf6 5. Nc3 g6 6. Be3 Bg7 7. f3 O-O 8. Qd2 Nc6 9. O-O-O Nxd4 10. Bxd4 Be6 11. Kb1 Qc7 12. g4 Rfc8 13. h4 Qa5 14. a3 Rab8 15. h5 b5 16. h6 b4 17. Nb5 Bh8 18. Qxb4 Qxb4 19. axb4 a6 20. Na7 Rc7 21. b5 axb5 22. Nxb5 Rcb7 23. c4 Nd7 24. Bxh8 Kxh8 25. Be2 Ne5 26. b3 g5 27. Kc2 f6 28. Ra1 Kg8 29. Ra3 Kf7 30. Nd4 Bd7 31. Rha1 Kg6 32. Ra8 Rxa8 33. Rxa8 Nc6 34. Nf5 Bxf5 35. exf5+ Kxh6 36. Kc3 Kg7 37. Bd3 Ne5 38. Be4 Rc7 39. Bd5 h5 40. gxh5 Nd7 41. Re8 Nb6 42. Be6 d5 43. c5 Rxc5+ 44. Kb4 Rc7 45. Kb5 Rc3 46. Kxb6 Rxb3+ 47. Kc6 Rxf3 48. Kd7 d4 49. Kxe7 d3 50. Rg8+ Kh6 51. Kxf6 1-0

[Event "Olympiad"]
[Site "Budapest HUN"]
[Date "2024.09.12"]
[Round "2.3"]
[White "Preotu, Razvan"]
[Black "Amar, Elham"]
[Result "1-0"]
[WhiteElo "2451"]
[BlackElo "2539"]
[WhiteFideId "-1"]
[WhiteFideId "-1"]
[PlyCount "115"]
[GameId "2130307536917419"]
[EventDate "2024.09.11"]
[EventType "team"]
[EventRounds "11"]
[EventCountry "HUN"]
[SourceTitle "10 Days #772"]
[Source "ChessMix "]
[SourceDate "2024.10.01"]
[SourceVersion "1"]
[SourceVersionDate "2024.10.01"]
[SourceQuality "1"]
[WhiteTeam "Canada"]
[BlackTeam "Norway"]
[WhiteTeamCountry "CAN"]
[BlackTeamCountry "NOR"]

1. e4 c5 2. Nf3 d6 3. d4 cxd4 4. Nxd4 Nf6 5. Nc3 a6 6. Be2 e5 7. Nb3 Be7 8. O-O O-O 9. Qd3 Nbd7 10. a4 b6 11. Be3 Bb7 12. Bf3 Rc8 13. Rfd1 Qc7 14. Nd2 Rfd8 15. Qe2 h6 16. Nf1 Bf8 17. h3 Qb8 18. Ng3 Re8 19. Rd2 g6 20. h4 h5 21. Bg5 Qc7 22. Qd1 Re6 23. Nf1 Nh7 24. Nd5 Bxd5 25. exd5 Ree8 26. Be3 f5 27. g3 Ndf6 28. Ra3 Ng4 29. Bxg4 hxg4 30. Rb3 Rb8 31. Rdd3 Nf6 32. Rdc3 Qf7 33. Rc6 Qxd5 34. Qxd5+ Nxd5 35. c4 Nf6 36. Rbxb6 Nd7 37. Rxa6 Rxb2 38. Ra7 Nf6 39. c5 Rc2 40. Raa6 f4 41. gxf4 exf4 42. Bxf4 Nd5 43. Bd2 Rxc5 44. Rxc5 dxc5 45. Rxg6+ Kh7 46. Rxg4 Ra8 47. Ng3 Be7 48. Nf5 Bf8 49. h5 Nb4 50. Rg6 Nd5 51. Rc6 Rxa4 52. Rc8 Bg7 53. Rxc5 Rg4+ 54. Kf1 Nf6 55. f3 Ra4 56. Rc7 Nxh5 57. Nxg7 Ra1+ 58. Kf2 1-0

[Event "Olympiad"]
[Site "Budapest HUN"]
[Date "2024.09.14"]
[Round "4.3"]
[White "Preotu, Razvan"]
[Black "Papaioannou, Ioannis"]
[Result "1/2-1/2"]
[WhiteElo "2451"]
[BlackElo "2615"]
[WhiteFideId "-1"]
[WhiteFideId "-1"]
[PlyCount "89"]
[GameId "2130307536975422"]
[EventDate "2024.09.11"]
[EventType "team"]
[EventRounds "11"]
[EventCountry "HUN"]
[SourceTitle "10 Days #772"]
[Source "ChessMix "]
[SourceDate "2024.10.01"]
[SourceVersion "1"]
[SourceVersionDate "2024.10.01"]
[SourceQuality "1"]
[WhiteTeam "Canada"]
[BlackTeam "Greece"]
[WhiteTeamCountry "CAN"]
[BlackTeamCountry "GRE"]

1. Nf3 d5 2. g3 c6 3. Bg2 Bg4 4. O-O Nd7 5. h3 Bh5 6. d4 e6 7. c4 Bd6 8. Qb3 Rb8 9. Nc3 Ngf6 10. cxd5 exd5 11. Nh4 O-O 12. f4 Ne4 13. Nxe4 dxe4 14. Nf5 Bc7 15. g4 Bg6 16. Ng3 Qh4 17. Nxe4 Bxe4 18. Bxe4 Rfe8 19. Qf3 Bb6 20. e3 c5 21. d5 c4 22. Bc2 Nc5 23. Kg2 Nd3 24. Bxd3 cxd3 25. Bd2 Rbc8 26. Rac1 Rxc1 27. Rxc1 Qf6 28. Bc3 Qg6 29. Re1 f5 30. Qg3 Qf7 31. Kh2 fxg4 32. e4 Bc7 33. Bd2 gxh3 34. Kxh3 Rf8 35. Kg4 Qf6 36. Rf1 Re8 37. Qxd3 Qg6+ 38. Kf3 h5 39. d6 Bb6 40. Qd5+ Re6 41. e5 Qg4+ 42. Ke4 Qe2+ 43. Kf5 Qg4+ 44. Ke4 Qe2+ 45. Kf5 1/2-1/2

[Event "Olympiad"]
[Site "Budapest HUN"]
[Date "2024.09.19"]
[Round "8.3"]
[White "Renjith, Sravan"]
[Black "Preotu, Razvan"]
[Result "1/2-1/2"]
[WhiteElo "2325"]
[BlackElo "2451"]
[WhiteFideId "-1"]
[WhiteFideId "-1"]
[PlyCount "64"]
[GameId "2130307537034117"]
[EventDate "2024.09.11"]
[EventType "team"]
[EventRounds "11"]
[EventCountry "HUN"]
[SourceTitle "10 Days #772"]
[Source "ChessMix "]
[SourceDate "2024.10.01"]
[SourceVersion "1"]
[SourceVersionDate "2024.10.01"]
[SourceQuality "1"]
[WhiteTeam "New Zealand"]
[BlackTeam "Canada"]
[WhiteTeamCountry "NZL"]
[BlackTeamCountry "CAN"]

1. e4 c6 2. d4 d5 3. exd5 cxd5 4. c4 Nf6 5. Nc3 Nc6 6. Nf3 g6 7. cxd5 Nxd5 8. Bc4 Nb6 9. Bb3 Bg7 10. Be3 O-O 11. d5 Na5 12. Bd4 Nxb3 13. axb3 e5 14. dxe6 Bxe6 15. O-O Bg4 16. Be3 Qf6 17. h3 Bxf3 18. Qxf3 Qxf3 19. gxf3 Rfc8 20. Nb5 Nd5 21. Rxa7 Nxe3 22. Rxa8 Rxa8 23. fxe3 Bxb2 24. Rd1 Rc8 25. Rd3 Kf8 26. f4 Rc2 27. Nd6 Bc1 28. f5 Re2 29. fxg6 hxg6 30. Kf1 Rxe3 31. Rxe3 Bxe3 32. Nxb7 Ke7 1/2-1/2

[Event "Olympiad"]
[Site "Budapest HUN"]
[Date "2024.09.21"]
[Round "10.4"]
[White "Preotu, Razvan"]
[Black "Jaramillo Lopez, Ali Aaron"]
[Result "1-0"]
[WhiteElo "2451"]
[BlackElo "2258"]
[WhiteFideId "-1"]
[WhiteFideId "-1"]
[PlyCount "113"]
[GameId "2130307537063540"]
[EventDate "2024.09.11"]
[EventType "team"]
[EventRounds "11"]
[EventCountry "HUN"]
[SourceTitle "10 Days #772"]
[Source "ChessMix "]
[SourceDate "2024.10.01"]
[SourceVersion "1"]
[SourceVersionDate "2024.10.01"]
[SourceQuality "1"]
[WhiteTeam "Canada"]
[BlackTeam "Venezuela"]
[WhiteTeamCountry "CAN"]
[BlackTeamCountry "VEN"]

1. Nf3 Nf6 2. c4 g6 3. Nc3 d5 4. cxd5 Nxd5 5. h4 Nf6 6. d4 c5 7. d5 Bg7 8. e4 O-O 9. e5 Ng4 10. Bf4 Nd7 11. Qe2 Qc7 12. O-O-O Ndxe5 13. Kb1 Qd7 14. Ka1 Qf5 15. Bg3 b5 16. Nxe5 Nxe5 17. Qxb5 Bd7 18. Bd3 Bxb5 19. Bxf5 gxf5 20. Nxb5 Nc4 21. Nc3 Rfd8 22. Rc1 Rd7 23. Rhe1 Rad8 24. a3 Nb6 25. Be5 Bh6 26. Rc2 Nxd5 27. Na4 Nb6 28. Nxc5 Rd1+ 29. Rxd1 Rxd1+ 30. Ka2 f6 31. Bb8 Kf7 32. Bxa7 Nd5 33. Nb3 e5 34. Bc5 e4 35. Nd4 f4 36. Nf5 Kg6 37. Nxh6 Kxh6 38. a4 e3 39. fxe3 fxe3 40. Re2 Rd3 41. Kb1 Rd1+ 42. Kc2 Ra1 43. Kb3 Kh5 44. Bxe3 Kxh4 45. Re1 Rxe1 46. Bf2+ Kg4 47. Bxe1 Kf5 48. Kc4 Ke6 49. Kc5 Nf4 50. Bg3 Nd3+ 51. Kb5 Nxb2 52. a5 Kd7 53. a6 Kc8 54. Kc6 Nc4 55. a7 Na5+ 56. Kb6 Nc4+ 57. Ka6 1-0

[Event "Olympiad"]
[Site "Budapest HUN"]
[Date "2024.09.22"]
[Round "11.4"]
[White "Banh Gia Huy"]
[Black "Preotu, Razvan"]
[Result "1/2-1/2"]
[WhiteElo "2425"]
[BlackElo "2451"]
[WhiteFideId "-1"]
[WhiteFideId "-1"]
[PlyCount "140"]
[GameId "2130307537076102"]
[EventDate "2024.09.11"]
[EventType "team"]
[EventRounds "11"]
[EventCountry "HUN"]
[SourceTitle "10 Days #772"]
[Source "ChessMix "]
[SourceDate "2024.10.01"]
[SourceVersion "1"]
[SourceVersionDate "2024.10.01"]
[SourceQuality "1"]
[WhiteTeam "Vietnam"]
[BlackTeam "Canada"]
[WhiteTeamCountry "VIE"]
[BlackTeamCountry "CAN"]

1. d4 d5 2. Nf3 Nf6 3. Bf4 e6 4. e3 Bd6 5. Ne5 O-O 6. Nd2 c5 7. c3 Qc7 8. Bd3 b6 9. O-O Ba6 10. Bxa6 Nxa6 11. Qe2 Nb8 12. Rac1 Nc6 13. Ndf3 c4 14. Nxc6 Bxf4 15. exf4 Qxc6 16. Ne5 Qc7 17. h4 Ne4 18. g3 b5 19. h5 f6 20. Ng4 h6 21. Ne3 Rae8 22. Kg2 Qf7 23. Qg4 f5 24. Qe2 Rb8 25. a3 a5 26. Nc2 Rb6 27. Rh1 Rfb8 28. Rhe1 Rc6 29. Ra1 Nf6 30. Rh1 Rbb6 31. Rac1 Rd6 32. Rce1 Nd7 33. Rh3 Nb8 34. g4 fxg4 35. Qxg4 Nd7 36. Kh1 Nf6 37. Qh4 Rd7 38. Rg1 Ne4 39. Ne3 Nd6 40. Rg6 Nf5 41. Nxf5 Qxf5 42. Rhg3 Kh7 43. Qg4 Qxg4 44. R3xg4 b4 45. axb4 axb4 46. f5 bxc3 47. fxe6 Re7 48. bxc3 Rbxe6 49. Rxe6 Rxe6 50. Rf4 Re1+ 51. Kg2 Rc1 52. Rf5 Rxc3 53. Rxd5 Rd3 54. Rd8 c3 55. Rc8 Rxd4 56. Rxc3 Rd5 57. Rh3 Rg5+ 58. Kf3 Kg8 59. Ke4 Kf7 60. f4 Ra5 61. Kf3 Ra3+ 62. Kg4 Rxh3 63. Kxh3 Kf6 64. Kg4 Ke6 65. Kf3 Kf5 66. Kg3 g6 67. hxg6 Kxg6 68. Kg4 h5+ 69. Kh4 Kf5 70. Kxh5 Kxf4 1/2-1/2

[Event "Maplewood Pro Cup"]
[Site "Montreal CAN"]
[Date "2024.05.31"]
[Round "1.1"]
[White "Preotu, Razvan"]
[Black "Marchand, Calix"]
[Result "1-0"]
[WhiteElo "2463"]
[BlackElo "1973"]
[WhiteFideId "-1"]
[WhiteFideId "-1"]
[PlyCount "67"]
[GameId "2160767905935010"]
[EventDate "2024.05.31"]
[EventType "swiss"]
[EventRounds "6"]
[EventCountry "CAN"]

1. e4 c5 2. Nf3 e6 3. c3 d5 4. exd5 Qxd5 5. d4 Nf6 6. Na3 Nc6 7. Be3 cxd4 8. Nb5 Qd8 9. Nbxd4 Nd5 10. Nxc6 bxc6 11. Bd2 Bb7 12. c4 Nf6 13. Qc2 c5 14. Be2 Qc7 15. O-O-O Ne4 16. Be3 Be7 17. g3 Bf6 18. Bf4 Qa5 19. Qb3 Bc6 20. Ne5 Bxe5 21. Bxe5 O-O 22. Bf3 Rfd8 23. Qe3 Qxa2 24. Bxe4 Qxc4+ 25. Bc2 Bxh1 26. Rxh1 f6 27. Bc3 Rab8 28. Re1 Rb6 29. Ba5 Qa2 30. Bxb6 axb6 31. Qxe6+ Qxe6 32. Rxe6 b5 33. Rb6 b4 34. Rc6 1-0